Ekonomika banku spóldzielczego

Uložené v:
Podrobná bibliografia
Ďalší autori: Szambelanczyk, Jan
Médium: Kniha
Jazyk:Polish
Vydavateľské údaje: Warszawa Zarzadzanie i Finanse 1999
Edícia:Biblioteka menedzera i bankowca
Predmet:
Tagy: Pridať tag
Žiadne tagy, Buďte prvý, kto otaguje tento záznam!

MARC

LEADER 00000nam a2200000 4500
001 c122157
005 20221221084238.0
020 |a 83-85776-39-7 
041 0 |a pol 
044 |a PL 
245 1 0 |a Ekonomika banku spóldzielczego  |c Praca zbiorowa pod redakcja Jana Szambelanczyka 
264 1 |a Warszawa  |b Zarzadzanie i Finanse  |c 1999 
300 |a 235 s. 
490 1 |a Biblioteka menedzera i bankowca 
830 0 |a Biblioteka menedzera i bankowca 
610 2 0 |a banky družstevné 
610 2 0 |a bankovníctvo 
610 2 0 |a transformácia 
610 2 0 |a hospodárstvo trhové 
610 2 0 |a kapitál 
610 2 0 |a bilancie 
610 2 0 |a riadenie 
610 2 0 |a riziko bankové 
610 2 0 |a úver 
610 2 0 |a kontrola banková 
610 2 0 |a služby bankové 
610 2 0 |a náklady 
610 2 0 |a plán finančný 
610 2 0 |a modely 
610 2 0 |a aktíva 
610 2 0 |a filiálky 
610 2 0 |a Poľsko 
700 1 |a Szambelanczyk, Jan